[Event "DSV-Turnier"]
[Site "Halle"]
[Date "1974.??.??"]
[Round "?"]
[White "Mueller, Klaus Uwe"]
[Black "Tal, Mihail"]
[Result "0-1"]
[WhiteElo "2465"]
[BlackElo "2635"]
[PlyCount "98"]
[EventDate "1974.??.??"]
[Source "ChessBase"]

1. e4 d6 2. d4 Nf6 3. Nc3 g6 4. f4 Bg7 5. Nf3 O-O 6. Bd3 Na6 7. e5 dxe5 8. dxe5 Nd5 9. Bd2 Nc5 10. O-O Nxd3 11. cxd3 Bf5 12. d4 Nb4 13. Ne2 Bc2 14. Qc1 Bd3 15. Qd1 Nc2 16. Rc1 Bxe2 17. Qxe2 Nxd4 18. Nxd4 Qxd4+ 19. Be3 Qd7 20. Rfd1 Qc8 21. Rd2 Rd8 22. Rcd1 Rxd2 23. Qxd2 e6 24. Qd7 Qxd7 25. Rxd7 Rc8 26. Kf2 b6 27. Bd2 a5 28. Ke2 Kf8 29. g4 Ke8 30. Rd3 Rd8 31. Rh3 h6 32. Bc3 Rd5 33. a4 Kd7 34. Re3 Bf8 35. Re4 Bc5 36. Rc4 Kc6 37. Re4 Rd8 38. h3 Rd7 39. f5 g5 40. b3 Rd8 41. Rc4 Kd5 42. Kd3 Rh8 43. Bd2 Rh7 44. Re4 h5 45. Re2 hxg4 46. hxg4 Rh3+ 47. Kc2 Bd4 48. fxe6 fxe6 49. Bxg5 Rc3+ 0-1

[Event "Chigorin Memorial 9297"]
[Site "?"]
[Date "1992.??.??"]
[Round "?"]
[White "Antonov, Vitaly Aleks'vich"]
[Black "Gipslis, Aivars P"]
[Result "1-0"]
[WhiteElo "2565"]
[BlackElo "2535"]
[PlyCount "49"]
[EventDate "1992.??.??"]
[Source "www.chesslib.no"]
[SourceDate "2004.05.04"]

1. e4 d6 2. d4 Nf6 3. Nc3 g6 4. f4 Bg7 5. Nf3 O-O 6. Bd3 Nc6 7. O-O e5 8. fxe5 dxe5 9. d5 Nd4 10. Nxe5 Nxe4 11. Nxe4 Bxe5 12. c4 Nf5 13. Qf3 c6 14. Bf4 Bg7 15. Rad1 cxd5 16. cxd5 Nd4 17. Qf2 Bg4 18. Rd2 Qxd5 19. Bg5 f5 20. Nc3 Qc6 21. h3 Bh5 22. Bb1 Qc5 23. a4 Kh8 24. Be3 Nb3 25. Bxc5 1-0

[Event "Smolensk"]
[Site "?"]
[Date "1997.??.??"]
[Round "?"]
[White "Korneev, O."]
[Black "Zakharevich, I."]
[Result "1-0"]
[WhiteElo "2590"]
[BlackElo "2505"]
[PlyCount "77"]
[EventDate "1997.??.??"]
[Source "ChessBase"]
[SourceDate "1997.06.01"]

1. e4 d6 2. d4 Nf6 3. Nc3 g6 4. f4 Bg7 5. Nf3 O-O 6. Bd3 Nc6 7. e5 dxe5 8. fxe5 Nh5 9. Ne2 Nb4 10. Bc4 Bf5 11. O-O Qd7 12. c3 Qc6 13. Bb3 Nd3 14. h3 Nxc1 15. Qxc1 Bd3 16. Rf2 Kh8 17. Qe3 Bxe2 18. Rxe2 Ng3 19. Ree1 f6 20. Nh4 Nh5 21. g4 fxe5 22. gxh5 exd4 23. cxd4 g5 24. Ng2 Rf3 25. Qe4 Rxh3 26. Qg4 Rd3 27. Rxe7 Bxd4+ 28. Kh1 Rf8 29. Rf7 Rxf7 30. Bxf7 Qf3 31. Qxf3 Rxf3 32. Be6 Kg7 33. Re1 Bxb2 34. Bg4 Rg3 35. Re4 Ba3 36. Ne3 Kf7 37. h6 Bc5 38. Nd5 Ra3 39. Bh5+ 1-0

[Event "Athens"]
[Site "?"]
[Date "2004.??.??"]
[Round "?"]
[White "Mastrovasilis, D."]
[Black "Schmaltz, R."]
[Result "1-0"]
[WhiteElo "2570"]
[BlackElo "2525"]
[PlyCount "47"]
[EventDate "2004.??.??"]
[Source "Chess Informant"]
[SourceDate "2004.10.01"]

1. e4 d6 2. d4 Nf6 3. Nc3 g6 4. f4 Bg7 5. Nf3 O-O 6. Bd3 Nc6 7. O-O e5 8. fxe5 dxe5 9. d5 Nd4 10. Nxe5 Nxe4 11. Nxe4 Bxe5 12. c3 Nf5 13. Qf3 c6 14. dxc6 bxc6 15. Bg5 f6 16. Bc4+ Kg7 17. Bf4 Bxf4 18. Qxf4 Qb6+ 19. Kh1 Bd7 20. Rae1 h5 21. Nxf6 Kxf6 22. Qd6+ Kg5 23. Qd2+ Kf6 24. Qxd7 1-0

[Event "GRE-ch94"]
[Site "Glyfada"]
[Date "1995.??.??"]
[Round "9"]
[White "Kotronias, Vasilios"]
[Black "Skembris, Spyridon"]
[Result "1-0"]
[WhiteElo "2570"]
[BlackElo "2525"]
[PlyCount "78"]
[EventDate "1995.06.??"]
[Source "ChessBase"]

1. e4 d6 2. d4 Nf6 3. Nc3 g6 4. f4 Bg7 5. Nf3 O-O 6. Bd3 Nc6 7. e5 dxe5 8. fxe5 Nd5 9. O-O Bg4 10. Nxd5 Qxd5 11. c3 Rad8 12. Qe1 Qd7 13. Qg3 Bxf3 14. Rxf3 f5 15. exf6 exf6 16. Bf4 Rc8 17. Re1 Ne7 18. Bc4+ Nd5 19. Bd6 Qxd6 20. Qxd6 cxd6 21. Bxd5+ Kh8 22. Bxb7 Rc7 23. Bd5 Bh6 24. g4 Bg5 25. Kg2 h5 26. gxh5 gxh5 27. Re6 Rb8 28. b3 Rd8 29. Rh3 h4 30. b4 Kg7 31. c4 Kf8 32. Ra3 Re8 33. Rxe8+ Kxe8 34. Ra6 Bf4 35. h3 Ke7 36. Kf3 Bd2 37. b5 f5 38. a4 Bc3 39. Ke3 f4+ 1-0

[Event "7th Amplico AIG Life Gp1"]
[Site "Warsaw POL"]
[Date "2007.12.16"]
[Round "1"]
[White "Mista, A."]
[Black "Peralta, Fe"]
[Result "0-1"]
[WhiteElo "2543"]
[BlackElo "2546"]
[PlyCount "75"]
[EventDate "2007.12.16"]
[Source "www.chesslib.no"]
[SourceDate "2004.05.04"]

1. e4 d6 2. d4 Nf6 3. Nc3 g6 4. f4 Bg7 5. Nf3 O-O 6. Be3 b6 7. Qe2 Ba6 8. Qd2 Bb7 9. e5 Ng4 10. O-O-O c5 11. h3 Nxe3 12. Qxe3 cxd4 13. Nxd4 Nc6 14. Nxc6 Bxc6 15. h4 Qc8 16. h5 dxe5 17. fxe5 Qe6 18. hxg6 fxg6 19. Rh4 b5 20. Bxb5 Bxb5 21. Nxb5 Qxa2 22. Nc3 Qa1+ 23. Nb1 Rab8 24. b4 h5 25. Re4 Kh7 26. g4 Bh6 27. g5 Bg7 28. Qb3 Bxe5 29. c3 Bf4+ 30. Kc2 Bxg5 31. Nd2 Qa6 32. Rg1 Qb5 33. Qe6 Rf2 34. Re5 Qa4+ 35. Kb1 Rxd2 36. Qf7+ Kh6 37. Qxg6+ Kxg6 38. Rexg5+ 0-1

[Event "Andorra la Vella op"]
[Site "Andorra la Vella"]
[Date "1999.07.02"]
[Round "7"]
[White "Campora, Daniel Hugo"]
[Black "Marin, Mihail"]
[Result "0-1"]
[WhiteElo "2553"]
[BlackElo "2527"]
[PlyCount "56"]
[EventDate "1999.06.27"]
[Source "ChessBase"]
[SourceDate "1999.10.01"]

1. e4 d6 2. d4 Nf6 3. Nc3 g6 4. f4 Bg7 5. Nf3 O-O 6. Be3 b6 7. e5 Ng4 8. Bg1 c5 9. h3 Nh6 10. d5 Bb7 11. Bh2 Nf5 12. Qd3 Na6 13. O-O-O dxe5 14. Nxe5 Nb4 15. Qd2 Nd4 16. Bg1 Nbxc2 17. Kb1 b5 18. Nxb5 Bxd5 19. Bxd4 Nxd4 20. Nc3 e6 21. h4 Rb8 22. h5 Rb4 23. hxg6 hxg6 24. Nd3 Rb8 25. Nxc5 Qd6 26. N5e4 Qa3 27. Nxd5 exd5 28. Rh3 Nf3 0-1

[Event "Ciocaltea mem"]
[Site "Bucharest"]
[Date "1997.??.??"]
[Round "8"]
[White "Nevednichy, Vladislav"]
[Black "Marin, Mihail"]
[Result "1/2-1/2"]
[WhiteElo "2535"]
[BlackElo "2545"]
[PlyCount "47"]
[EventDate "1997.03.??"]
[Source "ChessBase"]
[SourceDate "1997.10.13"]

1. e4 d6 2. d4 Nf6 3. Nc3 g6 4. f4 Bg7 5. Nf3 O-O 6. Be3 b6 7. Bc4 c5 8. Qe2 Nc6 9. e5 Ng4 10. O-O-O Na5 11. Bd5 Ba6 12. Qxa6 Nxe3 13. Bxa8 Nxd1 14. Rxd1 cxd4 15. Nd5 e6 16. Rxd4 dxe5 17. fxe5 Qxa8 18. Nf6+ Bxf6 19. exf6 e5 20. Rd1 Qc6 21. Nxe5 Qxg2 22. Nd7 Qg5+ 23. Kb1 Re8 24. b3 1/2-1/2